京都府の難読地名 30コ - Statistics

General Stats
  • This quiz has been taken 209 times
    195 since last reset
  • The average score is 7 of 30
Answer Stats
漢字 読み方 % Correct
烏丸 からすま
93%
西院 さい
84%
向日 むこう
75%
私市 きさいち
66%
祝園 ほうその
60%
雲母坂 きららざか
50%
巨椋 おぐら
47%
石原 いさ
43%
羽束師 はづかし
32%
大宅 おおやけ
32%
弥栄 やさか
32%
艮町 うしとらちょう
24%
一口 いもあらい
22%
久我 こが
14%
土師 はぜ
13%
六人部 むとべ
13%
日置 へき
8%
美豆 みず
8%
五十河 いかが
5%
生田口 おいたぐち
4%
河原 こうら
3%
女布 にょう
2%
綺田 かばた
2%
口人 くちうど
2%
蒲生 こも
1%
鸕鷀 うの
0%
三河 そうご
0%
額塚 すくもづか
0%
河梨峠 こうなしとうげ
0%
相楽 さがなら
0%
No matching quizzes found
Score Distribution
Percent of People with Each Score
Percentile by Number Answered
Your Score History
You have not taken this quiz since the last reset